000 00590nam a2200229Ia 4500
003 OSt
005 20221006164312.0
006 a|||||r|||| 00| 0
007 ta
008 221006b |||||||| |||| 00| 0 eng d
024 _a1,548
037 _cTextual
040 _aFML
_cFML
_beng
041 _2eng
_aeng
082 _aV281 ' K, K4
100 _aMathur N L Au.
_9676419
245 0 _aRed Fort and Mughal Life
260 _aDelhi
_bNational Museum
_c1964
300 _a52
_ccm.
942 _hV281 ' K, K4
_cTEXL
_2CC
999 _c1116796
_d1116796